Enseñando prospectiva /
সংরক্ষণ করুন:
| প্রধান লেখক: | |
|---|---|
| বিন্যাস: | বৈদ্যুতিক বৈদ্যুতিন গ্রন্থ |
| ভাষা: | স্প্যানিশ |
| প্রকাশিত: |
Bogotá, D.C. :
Editorial Universidad del Rosario : Universidad Colegio Mayor de Nuestra Señora del Rosario, Facultad de Administración,
2009.
|
| সংস্করন: | Primera edición. |
| মালা: | Coleccion Lecciones de administración.
|
| বিষয়গুলি: | |
| অনলাইন ব্যবহার করুন: | Digitalia Hispánica |
| ট্যাগগুলো: |
ট্যাগ যুক্ত করুন
কোনো ট্যাগ নেই, প্রথমজন হিসাবে ট্যাগ করুন!
|
MARC
| LEADER | 00000nam a2200000Ia 4500 | ||
|---|---|---|---|
| 001 | DIGUDROS0108 | ||
| 003 | NyNyDIG | ||
| 008 | 150201t20092009ck a ob 000 0 spa d | ||
| 006 | m o d | ||
| 007 | cr ||||||||||| | ||
| 040 | |a DGITA |b eng |e rda |e pn |c DGITA | ||
| 020 | |z 9789588378961 |q pbk. | ||
| 020 | |z 9588378966 |q pbk. | ||
| 050 | 1 | 4 | |a CB158 ebook |
| 100 | 1 | |a Noguera Hidalgo, Ángela Lucía, |e author. | |
| 245 | 1 | 0 | |a Enseñando prospectiva / |c Ángela Lucía Noguera Hidalgo. |
| 250 | |a Primera edición. | ||
| 264 | 1 | |a Bogotá, D.C. : |b Editorial Universidad del Rosario : |b Universidad Colegio Mayor de Nuestra Señora del Rosario, Facultad de Administración, |c 2009. | |
| 264 | 4 | |c ©2009 | |
| 300 | |a 1 online resource (125 pages) | ||
| 336 | |a text |b txt |2 rdacontent | ||
| 337 | |a computer |b c |2 rdamedia | ||
| 338 | |a online resource |b cr |2 rdacarrier | ||
| 490 | 1 | |a Coleccion lecciones de administración | |
| 588 | |a Description based on online resource; title from PDF title page (Digitalia, viewed January 10, 2015) | ||
| 504 | |a Includes bibliographical references. | ||
| 650 | 0 | |a Forecasting |x Methodology. | |
| 650 | 0 | |a Economic forecasting. | |
| 655 | 7 | |a Electronic books. |2 lcsh | |
| 791 | 2 | |a Digitalia (Firm), |e distributor. | |
| 793 | 0 | |g Digitalia eBook Collection: |a Universidad del Rosario | |
| 776 | 0 | 8 | |i Print version: |a Noguera Hidalgo, Ángela Lucía. |t Enseñando prospectiva. |d Bogotá, D.C. : Editorial Universidad del Rosario, 2009 |z 9789588378961 |
| 830 | 0 | |a Coleccion Lecciones de administración. | |
| 856 | 4 | 0 | |3 Digitalia Hispánica |u https://digitalia.unach.elogim.com/a/10256/ |